[Event "Blitz chess"]
[Site "SchemingMind.com"]
[Date "2008.05.19"]
[Round "-"]
[White "Schaakmaatje"]
[Black "myghtyhill"]
[Result "0-1"]
[WhiteCountry "NED"]
[BlackCountry "CHN"]
[WhiteElo "1760"]
[WhiteRD "46"]
[BlackElo "1714"]
[BlackRD "79"]
[GameID "154971"]

1. e4 e5 2. Nc3 Nf6 3. Bc4 Bc5 4. Nf3 d6 5. d4 exd4 6. Nxd4 O-O 7. O-O Nbd7 8. Bg5 h6 9. Bh4 Ne5 10. Be2 Ng6
11. Bg3 a6 12. Kh1 b5 13. a3 Bb7 14. f3 Re8 15. Nf5 Ne7 16. Nxe7+ Qxe7 17. Bd3 Rad8 18. Qe2 Nh5 19. Qe1 Nxg3+ 20. Qxg3 Qf6
21. f4 b4 22. axb4 Bxb4 23. Ra4 Bxc3 24. bxc3 Qxc3 25. Rc4 Qa5 26. Re1 d5 27. Rd4 c5
0-1

[Event "Blitz chess"]
[Site "SchemingMind.com"]
[Date "2008.05.15"]
[Round "-"]
[White "Joe Daudish"]
[Black "myghtyhill"]
[Result "0-1"]
[WhiteCountry "USA"]
[BlackCountry "CHN"]
[WhiteElo "1758"]
[WhiteRD "44"]
[BlackElo "1725"]
[BlackRD "87"]
[GameID "154972"]

1. d4 d5 2. Nf3 g6 3. Bf4 Nf6 4. h3 Bg7 5. e3 Nc6 6. c3 O-O 7. Bd3 Ne4 8. Nbd2 f5 9. O-O h6 10. Re1 g5
11. Bh2 g4 12. hxg4 fxg4 13. Ne5 Nxf2 14. Qe2 Nxe5 15. dxe5 Nxd3 16. Qxd3 Bf5 17. Qe2 e6 18. Bf4 h5 19. Nb3 b6 20. Nd4 c5
21. Nxf5 Rxf5 22. Rf1 Bxe5 23. g3 Bxf4 24. exf4 Qd7 25. Rae1 Re8 26. Qd3 c4 27. Qd4 Qd6 28. Kg2 Qc5 29. Qd2 b5 30. Re5 Kf7
31. a3 a5 32. Qc2 Kg6 33. Rfe1 Qc6 34. Kh2 Qd7 35. Kg2 Kh6 36. Kf2 Rxe5 37. Rxe5 Qg7 38. Qd2 Qf6 39. Kg2 Rf8 40. Re1 Kg7
41. Re5 h4 42. Rg5+ Kf7 43. Rxg4 hxg3 44. Rxg3 Rg8 45. Rxg8 Kxg8 46. Qe3 Qg6+ 47. Kf3 Qf5 48. Qg1+ Kf7 49. Qa7+ Kg6 50. Qg1+ Kh6
51. Qb6 Qh3+ 52. Ke2 Qg4+ 53. Ke1 Kh5 54. Qf2 Qh4 55. Ke2 Qxf2+ 56. Kd1 Kg4 57. f5 exf5 58. a4 Qxb2 59. axb5 a4 60. b6 a3
61. b7 a2 62. b8=Q a1=Q#
0-1